• 首页
  • 本馆介绍
  • 公告通知
  • 最新文献
  • 馆藏检索
  • 电子资源
  • 读者导购
  • 参考咨询
  • 我的图书馆
  • 登录
  • 详细信息显示
  • 放入我的书架
  • 预约/预借图书
  • 作者相关作品
  • 分类相关作品
  • 丛书相关作品
  • 出版社相关作品

书目信息

  • 表格格式
  • 工作单格式
  • 卡片格式
题名:
沙盘游戏与心理疾病的治疗
    
 
作者: 肇嘉 编 ;张敏 , 刘建新 , 蔡成后 译
分册:  
出版信息: 北京   中国人民大学出版社  2015.01
页数: 167页
开本: 24cm
丛书名: 心灵花园:沙盘游戏与艺术心理治疗丛书
单 册:
中图分类: R749.920.5
科图分类:
主题词: 心身疾病--精神疗法 , 心身疾病 , 精神疗法
电子资源:
ISBN: 978-7-300-20050-7
000 01321nam0 2200325 450
001 0120141418960
005 20151231090635.53
010    @a978-7-300-20050-7@dCNY35.00
100    @a20141103d2015 em y0chiy0110 ea
101 1  @achi@cita
102    @aCN@b110000
105    @aa z 000yy
106    @ar
200 1  @a沙盘游戏与心理疾病的治疗@9sha pan you xi yu xin li ji bing de zhi liao@dSandplay therapy: treatment of psychopathologies@f(意)伊娃·帕蒂丝·肇嘉(Eva Pattis Zoja)编@g张敏,刘建新,蔡成后等译@zeng
210    @a北京@c中国人民大学出版社@d2015.01
215    @a167页@c图@d24cm
225 1  @a心灵花园:沙盘游戏与艺术心理治疗丛书@f申荷永主编
330    @a本书介绍了采用沙盘游戏治疗较为严重的心理疾病,如边缘型人格障碍、药物或酒精依赖、人格失调和自恋型人格障碍以及各种身心疾病等的个案。内容包括通过手来理解;沙盘游戏在边缘型人格障碍治疗中的应用等。
333    @a心理医师
510 1  @aSandplay therapy: treatment of psychopathologies@zeng
606 0  @a心身疾病@x精神疗法
606 0  @a心身疾病
606 0  @a精神疗法
690    @aR749.920.5@v5
701  0 @c(意)@a肇嘉@9zhao jia@c(Zoja, Eva Pattis)@4编
702  0 @a张敏@9zhang min@4译
702  0 @a刘建新@9liu jian xin@4译
702  0 @a蔡成后@9cai cheng hou@4译
801  0 @aCN@b人天书店@c20141103
905    @b875030-32@dR749.920.5@e107@f3
    
    沙盘游戏与心理疾病的治疗=Sandplay therapy: treatment of psychopathologies/(意)伊娃·帕蒂丝·肇嘉(Eva Pattis Zoja)编/张敏,刘建新,蔡成后等译.-北京:中国人民大学出版社,2015.01
    167页:图;24cm.-(心灵花园:沙盘游戏与艺术心理治疗丛书/申荷永主编)
    使用对象:心理医师
    
    ISBN 978-7-300-20050-7:CNY35.00
    本书介绍了采用沙盘游戏治疗较为严重的心理疾病,如边缘型人格障碍、药物或酒精依赖、人格失调和自恋型人格障碍以及各种身心疾病等的个案。内容包括通过手来理解;沙盘游戏在边缘型人格障碍治疗中的应用等。
●
相关链接 在E读中查询图书 在五车中查询图书 在当当中查询图书 在豆瓣中查询图书


正题名:沙盘游戏与心理疾病的治疗     索取号:R749.920.5/107         预约/预借

序号 登录号 条形码 馆藏地/架位号 状态 备注
1 875030   208750305   学院路分馆/ [索取号:R749.920.5/107] 在馆    
2 875031   208750314   学院路分馆/ [索取号:R749.920.5/107] 在馆    
3 875032   208750323   学院路分馆/ [索取号:R749.920.5/107] 在馆    
唐山师范学院图书馆 欢迎您!
大连网信软件有限公司© 版权所有